000
00328nam a2200133 a 4500
008
961111s1977||||xx 0 und c
040
_a
SNK
_b
slo
_c
SNK
_e
AACR2
245
1
0
_a
Základy Marxisticko-Leninskej filozofie
260
_a
Bratislava
_b
Pravda
_c
1977
300
_a
232 s.
041
_a
slo
044
_a
xo
_c
SK
020
_c
36
999
_c
15536
_d
15536